| 000 | 00000nas 2200000za 4500 |
| 001 | 9.814462 |
| 003 | CaOODSP |
| 005 | 20221107141802 |
| 007 | cr ||||||||||| |
| 008 | 160406d20152017qucar p o||||f0 a0eng|d |
| 022 | # |a2371-0993 |
| 040 | |aCaOODSP|beng |
| 043 | |an-cn--- |
| 086 | 1 |aEm1-5/1E-PDF |
| 110 | 1 |aCanada. |bEmployment and Social Development Canada. |
| 222 | 0|aAnnual report on the administration of the Access to Information Act ... |b(Canada. Employment and Social Development Canada) |
| 245 | 10|aAnnual report on the administration of the Access to Information Act ... |h[electronic resource]. |
| 260 | |a[Gatineau, Quebec]: |bEmployment and Social Development Canada, |c[2015-2017] |
| 310 | |aAnnual |
| 362 | 0 |aBegan with : 2014/2015; ceased with : 2016/2017. |
| 500 | |aIssued also in French under title: Rapport annuel sur l'application de la Loi sur l'accès à l'information ... |
| 775 | 08|tRapport annuel sur l'application de la Loi sur l'accès à l'information ... |w(CaOODSP)9.814463 |
| 785 | 00|tAnnual report on the administration of the Access to Information Act and the Privacy Act |w(CaOODSP)9.860010 |